Normal view MARC view
  • Great Britain.

Entry Corporate Name

Number of records used in: 1

001 - CONTROL NUMBER

  • control field: 4008

003 - CONTROL NUMBER IDENTIFIER

  • control field: OSt

005 - DATE AND TIME OF LATEST TRANSACTION

  • control field: 20170512122042.0

008 - FIXED-LENGTH DATA ELEMENTS

  • fixed length control field: 170512|| aca||aabn | a|a d

040 ## - CATALOGING SOURCE

  • Original cataloging agency: OSt
  • Transcribing agency: OSt

110 ## - HEADING--CORPORATE NAME

  • Corporate name or jurisdiction name as entry element: Great Britain.
  • Subordinate unit: High Court of Justice.

670 ## - SOURCE DATA FOUND

  • Source citation: Work cat.: (OSt): Casson, D. B 1936 (David Bernard), 4007, Modern developments in the law of civic procedure /, 1982.
Pusat Sumber Maklumat Dato' Haji Sarmin Md Hussin, Akademi Kastam Diraja Malaysia, Melaka
Tel: 06-2331106 | Faks: 06-2313787